Микроконтроллеры для встраиваемых приложений; От общих подходов - к семействам НС05 и НС08 фирмы Motorola: Справочник

Dades bibliogràfiques
Autor principal: Ремизевич Т. В.
Idioma:rus
Publicat: Москва, Додэка, 2000
Col·lecció:Микроконтроллеры Вып. 3
Matèries:
Format: MixedMaterials Llibre
KOHA link:https://koha.lib.tpu.ru/cgi-bin/koha/opac-detail.pl?biblionumber=47304

MARC

LEADER 00000nam0a2200000 4500
001 47304
005 20231031025938.0
010 |a 5940200028 
035 |a (RuTPU)RU\TPU\book\49404 
090 |a 47304 
100 |a 20030205d2000 km y0rusy50 ca 
101 0 |a rus 
102 |a RU 
105 |a a g 000zy 
200 1 |a Микроконтроллеры для встраиваемых приложений  |a От общих подходов - к семействам НС05 и НС08 фирмы Motorola  |e Справочник  |f Т. В. Ремизевич 
210 |a Москва  |c Додэка  |d 2000 
215 |a 272 с.  |c ил. 
225 1 |a Микроконтроллеры  |v Вып. 3 
610 1 |a информатика 
610 1 |a микроконтроллеры 
610 1 |a архитектура 
610 1 |a технические процессы 
610 1 |a справочники 
675 |a 681.325.5-181.48(035)  |v 3 
700 1 |a Ремизевич  |b Т. В. 
801 1 |a RU  |b 63413507  |c 20030205  |g PSBO 
801 2 |a RU  |b 63413507  |c 20190114  |g PSBO 
942 |c BK